000 00200 a2200097 4500
020 _a9788426134813
041 _aspa
100 _aPatrick Tillard
245 _aLa ceresa gigante de Jacinto
942 _cK
999 _c26761
_d26761